| 000 | 01359npm a22002777a 4500 | ||
|---|---|---|---|
| 003 | OSt | ||
| 005 | 20260326145221.0 | ||
| 008 | 190415b xxu||||| |||| 00| 0 eng d | ||
| 015 | _2Ministerio de Educación | ||
| 020 | _a978-987-573-238-4 | ||
| 040 |
_aAR EEST4,Moreno _bes _cBiblioteca Técnica 4 "Roberto Noble", Moreno |
||
| 041 | _aes | ||
| 082 |
_a570 _bCAR _21998 |
||
| 100 | 1 | 0 | _aCarreras, Norma Haydee |
| 245 | 1 | 0 | _aBiología: Origen y evolución de los sistemas biológicos. Función de relación en los seres vivos. (042) |
| 250 | _a1ed. 3era reimp. | ||
| 260 |
_aBuenos Aires _bsm _c2011 |
||
| 300 |
_aLIBRO DIGITAL en PDF Yy TEXTO IMPRESO _b208 p. _c20,5 x27,5 cm |
||
| 500 | _aLIBRO DIGITAL en PDF y TEXTO IMPRESO | ||
| 520 |
_aOrigen de los seres vivos.La evolución de los seres vivios. La célula. La divisón celular. La reproducción de los seres vivos. La reproducción humana. Los mecanismos de la herencia. Función de relación en los seres vivos. Función de relación en los seres humanos. _uil- Fotos. Actiidades. |
||
| 526 | _cBIOLOGÍA - ENSEÑANZA | ||
| 700 | _aCaretti, Magdalena | ||
| 700 | _aBekinschtein, Pedro | ||
| 856 |
_3HACER CLIC AQUI LIBRO DIGITAL en PDF y TEXTO IMPRESO _uhttps://drive.google.com/file/d/1rAIdB19l4sBbMJNrZJcP8nMV7Nb6x3JX/view?usp=sharing _ybibliotecatecnica4moreno@gmail.com |
||
| 942 |
_2ddc _cBK |
||
| 999 |
_c24 _d24 |
||